| 000 | 00846nam a2200277 a 4500 | ||
|---|---|---|---|
| 001 | BRCA_3845 | ||
| 005 | 20190320204439.0 | ||
| 008 | 151209s2001----mx-#######---#000-0#spa-# | ||
| 020 | _a9687727594 | ||
| 041 | _aspa | ||
| 044 | _amx | ||
| 050 | 4 |
_aNK7114.A1 _b.R85 2001 |
|
| 100 | 1 |
_aRuiz Medrano, Carlos Rubén _910014 |
|
| 245 | 1 | 0 |
_aEl gremio de plateros en Nueva España _cCarlos Rubén Ruiz Medrano. |
| 260 |
_aSan Luis Potosí, México _bEl Colegio de San Luis _c2001 |
||
| 300 |
_a51 p. _c29 cm. |
||
| 440 | 0 |
_aCuadernos del Centro _910015 |
|
| 500 | _aEjemplar engargolado | ||
| 500 | _aPor política no se presta a domicilio | ||
| 504 | _aBibliografía: p. 48-51 | ||
| 650 | 1 | 4 |
_aplatería colonial _zMéxico _93047 |
| 650 | 1 | 4 |
_aPlateros _zMéxico _93067 |
| 650 | 1 | 4 |
_aGremios _zMéxico _910016 |
| 902 | _aeng | ||
| 942 |
_2lcc _cB |
||
| 999 |
_c3573 _d3573 |
||